New Zealand All Blacks Rugby - Pointscorers in World Cup Finals - Statistics

General Stats
  • This quiz has been taken 299 times
    227 since last reset
  • The average score is 9 of 11
Answer Stats
Points Scored Player % Correct
19 Daniel Carter
100%
5 Beauden Barrett
92%
17 Grant Fox
89%
5 Tony Woodcock
89%
5 Ma'a Nonu
86%
5 Nehe Milner-Skudder
86%
12 Andrew Mehrtens
85%
3 Stephen Donald
84%
4 John Kirwan
81%
4 David Kirk
76%
4 Michael Jones
72%
No matching quizzes found
Score Distribution
Percent of People with Each Score
Percentile by Number Answered
Your Score History
You have not taken this quiz since the last reset